[Event "V Memorial Corrado Bitti A"]
[Site "Laconi ITA"]
[Date "2005.08.07"]
[Round "3"]
[White "Piga, Antonello"]
[Black "Deruda, Leonardo"]
[Result "0-1"]
[WhiteElo "1688"]
[BlackElo "1820"]
[PlyCount "40"]
[EventDate "2005.08.06"]

1.e4 c5 2.Nf3 Nc6 3.d4 cxd4 4.Nxd4 g6 5.Be3 Nf6 6.Nc3 Bg7 7.f3 O-O 8.Qd2 
d5 9.O-O-O e5 10.Nxc6 bxc6 11.exd5 cxd5 12.Nxd5 Be6 13.Bc4 Nxd5 14.Bxd5 
Bxd5 15.Qxd5 Qc7 16.g4 Rfc8 17.Qe4 Rab8 18.h4 Rb4 19.Qd3 Rxb2 20.Rh2 e4 
0-1

[Event "V Memorial Corrado Bitti A"]
[Site "Laconi ITA"]
[Date "2005.08.07"]
[Round "3"]
[White "Secci, Gabriele"]
[Black "Dessy, Eugenio"]
[Result "1-0"]
[WhiteElo "1721"]
[BlackElo "1530"]
[PlyCount "43"]
[EventDate "2005.08.06"]

1.e4 e5 2.Nf3 Nc6 3.Bb5 a6 4.Ba4 Nf6 5.d4 exd4 6.e5 Ng4 7.O-O b5 8.Bb3 Be7
9.Nxd4 Ncxe5 10.f4 Ng6 11.Qxg4 c5 12.Bd5 Rb8 13.f5 d6 14.Nc6 Qb6 15.Nxb8 
Qxb8 16.Bxf7+ Kd8 17.Bxg6 hxg6 18.Qxg6 Bf6 19.Nc3 d5 20.g3 Bd4+ 21.Kg2 b4 
22.Bg5+ 1-0

[Event "V Memorial Corrado Bitti A"]
[Site "Laconi ITA"]
[Date "2005.08.07"]
[Round "3"]
[White "Setzu, Francesco"]
[Black "Collu, Giuseppe"]
[Result "0-1"]
[WhiteElo "1631"]
[BlackElo "1814"]
[PlyCount "64"]
[EventDate "2005.08.06"]

1.Nf3 c5 2.c3 Nc6 3.e3 d5 4.d4 cxd4 5.exd4 Nf6 6.Bd3 e6 7.O-O Ne4 8.Re1 f5
9.Ne5 Nxe5 10.dxe5 Bc5 11.Be3 O-O 12.Bxc5 Nxc5 13.Bc2 Ne4 14.Nd2 Qb6 15.
Nxe4 fxe4 16.Re3 Qxb2 17.Bb3 Qa3 18.Qg4 Qb2 19.Rf1 b6 20.Qe2 Qa3 21.Rd1 
Ba6 22.Qe1 Bd3 23.Qd2 Rac8 24.Rc1 a5 25.Bd1 d4 26.Rxd3 exd3 27.c4 Rc5 28.
Rb1 Rxe5 29.Bf3 Qd6 30.Qd1 d2 31.Be2 d3 32.Bf1 Re1 0-1

[Event "V Memorial Corrado Bitti A"]
[Site "Laconi ITA"]
[Date "2005.08.08"]
[Round "4"]
[White "Altea, Giovanni"]
[Black "Biondelli, Marco"]
[Result "1-0"]
[WhiteElo "1685"]
[BlackElo "1538"]
[PlyCount "75"]
[EventDate "2005.08.06"]

1.c4 e6 2.Nf3 d5 3.e3 Nf6 4.b3 Be7 5.Bb2 O-O 6.Rg1 Nbd7 7.g4 dxc4 8.Bxc4 
b6 9.g5 Ne8 10.h4 Bb7 11.Be2 Nc5 12.d4 Na6 13.a3 c5 14.Nbd2 cxd4 15.Nxd4 
Nac7 16.N4f3 Nd6 17.Qc2 Ba6 18.Qc3 Nde8 19.Qe5 Bxe2 20.Kxe2 Qd5 21.Qf4 Rd8
22.Rac1 Qd3+ 23.Ke1 Nd5 24.Qc4 Qxc4 25.Nxc4 Rc8 26.Ke2 Nd6 27.Nce5 Rxc1 
28.Rxc1 Rc8 29.Rxc8+ Nxc8 30.Nc6 Kf8 31.b4 Bd6 32.e4 Nde7 33.b5 Ng6 34.a4 
Bg3 35.fxg3 Nge7 36.Nxe7 Nxe7 37.Ne5 g6 38.Nd7+ 1-0

[Event "V Memorial Corrado Bitti A"]
[Site "Laconi ITA"]
[Date "2005.08.08"]
[Round "4"]
[White "Boi, Paolo"]
[Black "Piga, Antonello"]
[Result "0-1"]
[WhiteElo "1592"]
[BlackElo "1688"]
[PlyCount "118"]
[EventDate "2005.08.06"]

1.d4 d5 2.Nf3 Nf6 3.c4 c6 4.Nc3 e6 5.Bg5 Be7 6.e3 Nbd7 7.Rc1 O-O 8.a3 c5 
9.Bd3 a6 10.O-O dxc4 11.Bxc4 b5 12.Be2 c4 13.Nd2 Bb7 14.Bf3 Nd5 15.Bxe7 
Qxe7 16.Nxd5 exd5 17.Re1 Nf6 18.e4 dxe4 19.Bxe4 Nxe4 20.Nxe4 Qh4 21.Nc5 
Bd5 22.Rc3 Rfd8 23.Ree3 Qf6 24.Ne4 Bxe4 25.Rxe4 Rd5 26.Rce3 g6 27.Re8+ 
Rxe8 28.Rxe8+ Kg7 29.Re4 Qd6 30.Qd2 Rh5 31.g3 Qd7 32.f4 Rd5 33.Qe3 Qg4 34.
Qe1 h5 35.Kg2 Qd7 36.Qc3 Qc6 37.Qf3 Qf6 38.Qe3 Qf5 39.h3 a5 40.Kf3 Qxh3 
41.Qg1 b4 42.axb4 axb4 43.Qa1 h4 44.Qg1 hxg3 45.Qxg3 Qxg3+ 46.Kxg3 c3 47.
bxc3 bxc3 48.Kf3 c2 49.Re1 Rxd4 50.Rc1 Rc4 51.Ke3 Kf6 52.Kd3 Rc7 53.Ke4 
Ke6 54.f5+ gxf5+ 55.Kd3 Kd5 56.Rxc2 Rxc2 57.Kxc2 Ke4 58.Kd2 Kf3 59.Kd3 f4 
0-1

[Event "V Memorial Corrado Bitti A"]
[Site "Laconi ITA"]
[Date "2005.08.08"]
[Round "4"]
[White "Casti, Alessio"]
[Black "Artizzu, Giulio"]
[Result "1-0"]
[WhiteElo "2108"]
[BlackElo "2115"]
[PlyCount "67"]
[EventDate "2005.08.06"]

1.e4 c5 2.Nf3 d6 3.c3 Nf6 4.Bc4 e6 5.Qe2 Be7 6.O-O O-O 7.Bb3 Nc6 8.d3 h6 
9.Nbd2 Qc7 10.Re1 Nd7 11.Nf1 Nde5 12.Ng3 Nxf3+ 13.Qxf3 Ne5 14.Qe2 Ng6 15.
f4 b5 16.Nh5 c4 17.dxc4 bxc4 18.Bxc4 d5 19.Bd3 f5 20.exf5 exf5 21.Be3 Bd6 
22.Qd2 Bb7 23.Kh1 Rad8 24.Rf1 Rde8 25.Bxa7 d4 26.Bxd4 Nh4 27.Rf2 Rf7 28.
Bf1 Rfe7 29.Rd1 Qc6 30.Nxg7 Nxg2 31.Bxg2 Qxg2+ 32.Rxg2 Re2 33.Nxe8+ Bxg2+ 
34.Kg1 1-0

[Event "V Memorial Corrado Bitti A"]
[Site "Laconi ITA"]
[Date "2005.08.08"]
[Round "4"]
[White "Deruda, Leonardo"]
[Black "Mannu, Michele"]
[Result "0-1"]
[WhiteElo "1820"]
[BlackElo "1933"]
[PlyCount "54"]
[EventDate "2005.08.06"]

1.g3 e5 2.c4 d6 3.Bg2 f5 4.d4 Nc6 5.dxe5 Nxe5 6.Nc3 c6 7.b3 Nf6 8.Nf3 Be7 
9.O-O O-O 10.Qc2 Qe8 11.Bf4 Qh5 12.Bxe5 dxe5 13.Nxe5 f4 14.Nf3 Bf5 15.Qc1 
fxg3 16.fxg3 Bc5+ 17.Kh1 Ng4 18.e4 Bd7 19.Qg5 Qxg5 20.Nxg5 Nf2+ 21.Rxf2 
Rxf2 22.Re1 Bb4 23.Re2 Raf8 24.Rxf2 Rxf2 25.Nd1 Rd2 26.Ne3 Rxa2 27.h3 Bd2 
0-1

[Event "V Memorial Corrado Bitti A"]
[Site "Laconi ITA"]
[Date "2005.08.08"]
[Round "4"]
[White "Dessy, Eugenio"]
[Black "Carta, Francesco"]
[Result "0-1"]
[WhiteElo "1530"]
[BlackElo "1565"]
[PlyCount "104"]
[EventDate "2005.08.06"]

1.e4 c5 2.Nf3 Nc6 3.d4 cxd4 4.Nxd4 g6 5.Bc4 Bg7 6.Be3 Nf6 7.Nc3 d6 8.Bb3 
Ng4 9.Nxc6 bxc6 10.Bg5 Qa5 11.Qd2 h6 12.Bh4 O-O 13.f3 Nf6 14.O-O-O Re8 15.
g4 Nd7 16.Bf2 Ba6 17.Be3 Ne5 18.Bxh6 Nc4 19.Qg5 Qxg5+ 20.Bxg5 Rab8 21.h4 
Na5 22.h5 Nxb3+ 23.cxb3 Bxc3 24.bxc3 Be2 25.Rd2 Bxf3 26.Re1 Bxg4 27.hxg6 
fxg6 28.Rg1 Bh5 29.Rh2 Rb5 30.c4 Re5 31.Rxh5 gxh5 32.Bf4+ Kf7 33.Bxe5 dxe5
34.Rg5 h4 35.Rh5 Kg6 36.Rxh4 Kg5 37.Rh2 Kf4 38.Rh6 Kxe4 39.Rxc6 Kf3 40.Rh6
e4 41.Rh3+ Ke2 42.Rc3 e3 43.c5 Kf2 44.Kb2 e2 45.Rc1 e1=Q 46.Rxe1 Kxe1 47.
b4 e5 48.Kc3 Rd8 49.c6 e4 50.c7 Rc8 51.Kd4 Rxc7 52.Kxe4 Rc4+ 0-1

[Event "V Memorial Corrado Bitti A"]
[Site "Laconi ITA"]
[Date "2005.08.08"]
[Round "4"]
[White "Fenu, Salvatore"]
[Black "Caramia, Antonio"]
[Result "1-0"]
[WhiteElo "1844"]
[BlackElo "1814"]
[PlyCount "41"]
[EventDate "2005.08.06"]

1.e4 c5 2.c3 d5 3.exd5 Qxd5 4.d4 Nc6 5.Nf3 Bg4 6.Be2 Nf6 7.h3 Bh5 8.c4 Qd8
9.d5 Bxf3 10.Bxf3 Nd4 11.O-O a6 12.Be3 Nxf3+ 13.Qxf3 b6 14.d6 Rc8 15.dxe7 
Bxe7 16.Bh6 Qd4 17.Nc3 Nd7 18.Rfe1 Ne5 19.Qb7 Qd7 20.Qxd7+ Nxd7 21.Nd5 1-0

[Event "V Memorial Corrado Bitti A"]
[Site "Laconi ITA"]
[Date "2005.08.08"]
[Round "4"]
[White "Ibba, Isacco"]
[Black "Lommers, Frank"]
[Result "1-0"]
[WhiteElo "2197"]
[BlackElo "2204"]
[PlyCount "39"]
[EventDate "2005.08.06"]

1.e4 c5 2.Nf3 d6 3.b4 cxb4 4.d4 Nf6 5.Bd3 e6 6.O-O Be7 7.a3 bxa3 8.Nxa3 
O-O 9.c4 e5 10.dxe5 dxe5 11.Nxe5 Re8 12.Nb5 Nc6 13.Bf4 Bc5 14.Nxc6 bxc6 
15.Nc7 Bg4 16.Qd2 Re7 17.Nxa8 Qxa8 18.Be3 Nd7 19.Bxc5 Nxc5 20.Qg5 1-0

[Event "V Memorial Corrado Bitti A"]
[Site "Laconi ITA"]
[Date "2005.08.08"]
[Round "4"]
[White "Lai, Silvia"]
[Black "Maldarelli, Lorenzo"]
[Result "0-1"]
[WhiteElo "1748"]
[BlackElo "1837"]
[PlyCount "56"]
[EventDate "2005.08.06"]

1.e4 c5 2.d3 g6 3.g3 Bg7 4.Bg2 d6 5.f4 Nc6 6.Nf3 Nf6 7.c3 O-O 8.Be3 Bg4 9.
O-O e5 10.Nbd2 exf4 11.Bxf4 Ne5 12.Qc2 Nfd7 13.d4 Nxf3+ 14.Bxf3 Bxf3 15.
Nxf3 Qb6 16.Be3 Rfe8 17.d5 f5 18.Ng5 Nf6 19.exf5 Rxe3 20.fxg6 h6 21.Ne6 c4
22.Kh1 Rd3 23.Rf2 Qe3 24.Raf1 Nxd5 25.Re2 Qb6 26.Rf7 Bf6 27.Rf2 Qe3 28.Re2
Qf3+ 0-1

[Event "V Memorial Corrado Bitti A"]
[Site "Laconi ITA"]
[Date "2005.08.08"]
[Round "4"]
[White "Locci, Damiano"]
[Black "Collu, Giuseppe"]
[Result "1-0"]
[WhiteElo "1901"]
[BlackElo "1814"]
[PlyCount "79"]
[EventDate "2005.08.06"]

1.e4 e5 2.Nf3 Nc6 3.d4 exd4 4.Bc4 Bb4+ 5.c3 dxc3 6.bxc3 Bc5 7.Bxf7+ Kxf7 
8.Qd5+ Kf8 9.Qxc5+ d6 10.Qc4 Qe7 11.Bg5 Qf7 12.Qd3 Bg4 13.Nbd2 Bxf3 14.
Nxf3 Nf6 15.O-O h6 16.Be3 Ng4 17.Bd4 Nce5 18.Bxe5 Nxe5 19.Nxe5 dxe5 20.Qb5
c6 21.Qxe5 Qe7 22.Qxe7+ Kxe7 23.Rab1 b6 24.Rfd1 Rhd8 25.f3 Rxd1+ 26.Rxd1 
Rd8 27.Rxd8 Kxd8 28.Kf2 Kd7 29.Ke3 Kd6 30.f4 c5 31.e5+ Kc6 32.Ke4 b5 33.f5
a5 34.f6 gxf6 35.exf6 Kd6 36.f7 Ke7 37.Kd5 b4 38.cxb4 cxb4 39.Kc4 Kxf7 40.
Kb5 1-0

[Event "V Memorial Corrado Bitti A"]
[Site "Laconi ITA"]
[Date "2005.08.08"]
[Round "4"]
[White "Loi, Francesco"]
[Black "Caredda, Giuseppe"]
[Result "1-0"]
[WhiteElo "1408"]
[BlackElo "1409"]
[PlyCount "85"]
[EventDate "2005.08.06"]

1.d4 d5 2.c4 e6 3.e3 Nf6 4.Nc3 Be7 5.Nf3 Nbd7 6.Be2 b6 7.cxd5 exd5 8.O-O 
O-O 9.Re1 Bb7 10.Bd3 Rc8 11.Qc2 Re8 12.Ng5 Nf8 13.Ne2 c5 14.Bf5 Rc7 15.Nc3
cxd4 16.exd4 Rc4 17.Nf3 b5 18.Bd3 Rc7 19.Bxb5 Bc6 20.Bd3 Qd6 21.Re5 Bd7 
22.Bf4 Ng6 23.Bxg6 fxg6 24.Rxe7 Qxf4 25.Rxe8+ Bxe8 26.Re1 Kf8 27.Qe2 Rd7 
28.Ne5 Rd6 29.Nf3 Rd7 30.a4 g5 31.g3 Qf5 32.Ne5 Rb7 33.Nb5 Bxb5 34.axb5 h5
35.f3 Rc7 36.Nd3 h4 37.g4 Qc8 38.Nc5 Kg8 39.Qc2 Nd7 40.Qg6 Nf6 41.Qxg5 Nd7
42.Qxd5+ Kf8 43.Ne6+ 1-0

[Event "V Memorial Corrado Bitti A"]
[Site "Laconi ITA"]
[Date "2005.08.08"]
[Round "4"]
[White "Orzella, Paolo"]
[Black "Setzu, Francesco"]
[Result "1/2-1/2"]
[WhiteElo "1553"]
[BlackElo "1631"]
[PlyCount "81"]
[EventDate "2005.08.06"]

1.e4 c6 2.d4 d5 3.e5 Bf5 4.Qf3 e6 5.c3 Nd7 6.Bd3 Bxd3 7.Qxd3 c5 8.Nf3 c4 
9.Qd1 b5 10.O-O Ne7 11.Bg5 Qb8 12.Nbd2 Nb6 13.Rb1 Nc6 14.a3 a5 15.Nh4 h6 
16.Be3 Be7 17.Qg4 g5 18.Nf5 exf5 19.Qxf5 Qc8 20.Qf3 g4 21.Qe2 Qf5 22.Rfe1 
Nd8 23.Nf1 Ne6 24.Ng3 Qg6 25.b3 Rb8 26.b4 a4 27.f3 h5 28.Nh1 Nd7 29.f4 Qf5
30.Ng3 Qd3 31.Qb2 Qh7 32.f5 Bg5 33.fxe6 Bxe3+ 34.Rxe3 fxe6 35.Rf1 Rf8 36.
Ree1 h4 37.Rxf8+ Nxf8 38.Ne2 Rb7 39.Rf1 Rf7 40.Rxf7 Qxf7 41.Qd2 1/2-1/2

[Event "V Memorial Corrado Bitti A"]
[Site "Laconi ITA"]
[Date "2005.08.08"]
[Round "4"]
[White "Pais, Mario"]
[Black "Pes, Francesco"]
[Result "0-1"]
[WhiteElo "1720"]
[BlackElo "1763"]
[PlyCount "66"]
[EventDate "2005.08.06"]

1.e4 c6 2.d4 d5 3.exd5 cxd5 4.Bd3 Nf6 5.Ne2 e6 6.Bf4 Bd6 7.Bg3 O-O 8.Nd2 
Nc6 9.c3 e5 10.dxe5 Bxe5 11.O-O Bxg3 12.Nxg3 d4 13.cxd4 Qxd4 14.Nb3 Qh4 
15.Be2 Rd8 16.Qc2 Bg4 17.Rfe1 Rac8 18.Rad1 Nd4 19.Rxd4 Rxd4 20.Qb1 Rdd8 
21.Bxg4 Qxg4 22.h3 Qb4 23.Rc1 Rxc1+ 24.Qxc1 Qd6 25.Qe3 b6 26.Qg5 h6 27.Qh4
Qd1+ 28.Kh2 Qd6 29.Kg1 Qe5 30.Qa4 Rd1+ 31.Kh2 Qe1 32.Nf5 Nh5 33.Nxh6+ Kh7 
0-1

[Event "V Memorial Corrado Bitti A"]
[Site "Laconi ITA"]
[Date "2005.08.08"]
[Round "4"]
[White "Secci, Gabriele"]
[Black "Figus, Maurizio"]
[Result "0-1"]
[WhiteElo "1721"]
[BlackElo "1877"]
[PlyCount "90"]
[EventDate "2005.08.06"]

1.e4 c5 2.Nf3 Nc6 3.d4 cxd4 4.Nxd4 Nf6 5.Nc3 e5 6.Nf5 d5 7.exd5 Bxf5 8.
dxc6 bxc6 9.Qf3 Qc8 10.Bg5 e4 11.Qe2 Qe6 12.Qc4 Qxc4 13.Bxc4 Bb4 14.Bxf6 
gxf6 15.O-O-O O-O 16.g4 Bg6 17.Rd7 Bc5 18.Nd1 f5 19.gxf5 Bxf5 20.Rg1+ Bg6 
21.h4 Kh8 22.Ne3 Rad8 23.Rgd1 Rxd7 24.Rxd7 f5 25.Be2 f4 26.Nd1 Bf5 27.Rc7 
Rf6 28.f3 e3 29.Nc3 Rd6 30.Rf7 Bg6 31.Rxf4 Rd2 32.h5 Bxc2 33.Rc4 Bb6 34.
Rxc6 Kg7 35.h6+ Kf7 36.Bc4+ Ke7 37.Re6+ Kd7 38.Re5 Rh2 39.Bb5+ Kd6 40.Rd5+
Ke6 41.Bc4 Kf6 42.Ne2 Bg6 43.Rd6+ Ke7 44.Re6+ Kd7 45.Re5 Rh1+ 0-1

[Event "V Memorial Corrado Bitti A"]
[Site "Laconi ITA"]
[Date "2005.08.09"]
[Round "5"]
[White "Artizzu, Giulio"]
[Black "Ibba, Isacco"]
[Result "1-0"]
[WhiteElo "2115"]
[BlackElo "2197"]
[PlyCount "117"]
[EventDate "2005.08.06"]

1.e4 Nf6 2.Nc3 e5 3.Nf3 d5 4.exd5 e4 5.Qe2 Be7 6.Nxe4 O-O 7.Nxf6+ Bxf6 8.
d4 Bg4 9.Be3 Qxd5 10.h3 Bxf3 11.Qxf3 Qa5+ 12.c3 Nc6 13.O-O-O Qxa2 14.Bd3 
Be7 15.Bb1 Qc4 16.Bd3 Qa4 17.Kb1 a5 18.h4 Nb4 19.cxb4 axb4 20.Qe4 Qa1+ 21.
Kc2 b3+ 22.Kd2 Qxb2+ 23.Ke1 Bb4+ 24.Kf1 f5 25.Qe6+ Kh8 26.g3 Qc3 27.Qc4 b2
28.Kg2 Ra1 29.Qxc3 Bxc3 30.Bb1 b5 31.Kf3 Ra4 32.Rd3 b4 33.Ke2 Rd8 34.Kd1 
c5 35.Kc2 cxd4 36.Rhd1 Rc8 37.Rxc3 dxc3 38.Rd5 b3+ 39.Kxb3 Ra1 40.Kc2 Rca8
41.Rd1 R1a3 42.Rd3 Rc8 43.Bd4 f4 44.gxf4 Ra4 45.f5 Rf8 46.Bxc3 Rf4 47.Rd7 
Rxf2+ 48.Kd3 R8xf5 49.Bxg7+ Kg8 50.Ba2+ Rf7 51.Bxb2 Rxb2 52.Bxf7+ Kg7 53.
Ke3 Rh2 54.h5 Rh4 55.Bg6+ Kg8 56.Bxh7+ Kh8 57.Bg6 Kg8 58.Kf3 Kh8 59.Kg3 
1-0

[Event "V Memorial Corrado Bitti A"]
[Site "Laconi ITA"]
[Date "2005.08.09"]
[Round "5"]
[White "Biondelli, Marco"]
[Black "Orzella, Paolo"]
[Result "0-1"]
[WhiteElo "1538"]
[BlackElo "1553"]
[PlyCount "58"]
[EventDate "2005.08.06"]

1.d4 d5 2.c4 e6 3.Nc3 Nf6 4.Bg5 Nbd7 5.Nf3 c6 6.e3 Be7 7.Rc1 dxc4 8.Bxc4 
b5 9.Bb3 Bb7 10.O-O O-O 11.Re1 Rc8 12.Nb1 c5 13.Nc3 a6 14.a4 b4 15.Nb1 a5 
16.Nbd2 Ne4 17.Bxe7 Qxe7 18.Nxe4 Bxe4 19.Bc4 Rfd8 20.b3 e5 21.dxc5 Nxc5 
22.Qe2 Bd3 23.Qb2 Bxc4 24.Qxe5 Qxe5 25.Nxe5 Bxb3 26.Ra1 Nd3 27.Nxd3 Rxd3 
28.Rac1 Rxc1 29.Rxc1 Rd1+ 0-1

[Event "V Memorial Corrado Bitti A"]
[Site "Laconi ITA"]
[Date "2005.08.09"]
[Round "5"]
[White "Boi, Paolo"]
[Black "Loi, Francesco"]
[Result "0-1"]
[WhiteElo "1592"]
[BlackElo "1408"]
[PlyCount "92"]
[EventDate "2005.08.06"]

1.d4 d5 2.Nf3 Nf6 3.c4 dxc4 4.e3 e6 5.Bxc4 Nc6 6.Nc3 Bb4 7.O-O O-O 8.Qc2 
a6 9.Rd1 b5 10.Be2 Ne7 11.Ne4 Ned5 12.Nc5 c6 13.e4 Ne7 14.Ne5 Ba5 15.g4 
Ra7 16.Be3 Qd6 17.g5 Nd7 18.Ncxd7 Bxd7 19.Ng4 Ng6 20.d5 Rc7 21.Bc5 Qf4 22.
Bxf8 Nxf8 23.d6 Rc8 24.Qd3 Qxg5 25.Qg3 Re8 26.e5 Ng6 27.Nf6+ gxf6 28.Qxg5 
fxg5 29.Rac1 Nxe5 30.Rc5 f6 31.Bh5 Rf8 32.h3 Bb6 33.Rc2 h6 34.b3 a5 35.a4 
b4 36.Be2 Kh7 37.Kg2 Rg8 38.f3 f5 39.Kg3 f4+ 40.Kg2 h5 41.Bd3+ Kh6 42.Re2 
Be3 43.Be4 c5 44.Rc2 c4 45.bxc4 Bxa4 46.Rdd2 b3 0-1

[Event "V Memorial Corrado Bitti A"]
[Site "Laconi ITA"]
[Date "2005.08.09"]
[Round "5"]
[White "Caramia, Antonio"]
[Black "Pes, Francesco"]
[Result "1/2-1/2"]
[WhiteElo "1814"]
[BlackElo "1763"]
[PlyCount "55"]
[EventDate "2005.08.06"]

1.e4 c6 2.d4 d5 3.Nc3 dxe4 4.Nxe4 Nd7 5.Nf3 Ngf6 6.Ng3 e6 7.Bc4 Bd6 8.Qe2 
Nb6 9.Bb3 Qc7 10.Ne4 Bf4 11.Nxf6+ gxf6 12.Be3 Bd7 13.g3 Bxe3 14.Qxe3 Nd5 
15.Qd2 Qb6 16.c4 Ne7 17.Rd1 O-O-O 18.O-O e5 19.c5 Qc7 20.Nh4 Bg4 21.f3 Bh3
22.Rfe1 h5 23.Qe3 Nd5 24.Qe4 exd4 25.Qxd4 Rhg8 26.Kf2 f5 27.f4 Bg4 28.Rc1 
1/2-1/2

[Event "V Memorial Corrado Bitti A"]
[Site "Laconi ITA"]
[Date "2005.08.09"]
[Round "5"]
[White "Caredda, Giuseppe"]
[Black "Dessy, Eugenio"]
[Result "0-1"]
[WhiteElo "1409"]
[BlackElo "1530"]
[PlyCount "108"]
[EventDate "2005.08.06"]

1.d4 Nf6 2.c4 g6 3.Nc3 Bg7 4.e4 d6 5.Nf3 O-O 6.h3 c5 7.d5 Nh5 8.Bd2 f5 9.
Bd3 f4 10.Qe2 Na6 11.a3 e6 12.e5 exd5 13.cxd5 dxe5 14.Nxe5 Bxe5 15.Bc4 Bg7
16.O-O-O Bf5 17.Be1 Kh8 18.g3 fxg3 19.fxg3 Bh6+ 20.Bd2 Bxd2+ 21.Rxd2 Qd6 
22.g4 Ng3 23.Nb5 Nxe2+ 24.Bxe2 Qe5 25.gxf5 Qxf5 26.d6 Rad8 27.Bg4 Qf4 28.
Rd1 Qc4+ 29.Nc3 b5 30.Be2 Qf4 31.Nxb5 Nb8 32.Kb1 a6 33.Nc7 Qf7 34.Bg4 Rxd6
35.Rxd6 Qxc7 36.Be6 Nc6 37.Rd7 Qb6 38.R7d6 Rf2 39.R1d2 Rxd2 40.Rxd2 Nd4 
41.Bc4 Nb3 42.Re2 Nd4 43.Re8+ Kg7 44.Ra8 Nb5 45.Ka2 Qb7 46.Re8 Nd6 47.Rg8+
Kh6 48.Be6 c4 49.Ka1 Qe4 50.Bg4 Qe1+ 51.Ka2 c3 52.bxc3 Qxc3 53.Rb8 Nc4 54.
Rb3 Qc2+ 0-1

[Event "V Memorial Corrado Bitti A"]
[Site "Laconi ITA"]
[Date "2005.08.09"]
[Round "5"]
[White "Carta, Francesco"]
[Black "Pais, Mario"]
[Result "1-0"]
[WhiteElo "1565"]
[BlackElo "1720"]
[PlyCount "69"]
[EventDate "2005.08.06"]

1.e4 d5 2.exd5 Nf6 3.Nc3 Nxd5 4.d4 Nxc3 5.bxc3 c5 6.Be3 cxd4 7.cxd4 e6 8.
c3 Bd6 9.Nf3 O-O 10.Bd3 Be7 11.Qc2 g6 12.h4 f5 13.Bh6 Rf7 14.Ne5 Rf6 15.
Bg5 Rf8 16.f4 Nc6 17.Bh6 Rf6 18.Nf3 Rf7 19.h5 a6 20.hxg6 hxg6 21.g4 Qd5 
22.Qg2 b5 23.Qh3 Rh7 24.gxf5 exf5 25.Kf2 Bf8 26.Qg3 Rxh6 27.Rxh6 Bxh6 28.
Qxg6+ Bg7 29.Ng5 Kf8 30.Nh7+ Ke7 31.Qxg7+ Kd8 32.Re1 Ra7 33.Re8+ Kxe8 34.
Nf6+ Kd8 35.Qf8+ 1-0

[Event "V Memorial Corrado Bitti A"]
[Site "Laconi ITA"]
[Date "2005.08.09"]
[Round "5"]
[White "Collu, Giuseppe"]
[Black "Altea, Giovanni"]
[Result "0-1"]
[WhiteElo "1814"]
[BlackElo "1685"]
[PlyCount "106"]
[EventDate "2005.08.06"]

1.e4 c6 2.d4 d5 3.Nc3 dxe4 4.Nxe4 Bf5 5.Ng3 Bg6 6.Bc4 e6 7.Nf3 Nd7 8.O-O 
Ngf6 9.Re1 Be7 10.Qe2 O-O 11.Bxe6 Bb4 12.c3 Bxc3 13.Bxf7+ Bxf7 14.bxc3 Re8
15.Qd2 Qa5 16.Rxe8+ Rxe8 17.Qb2 b6 18.Bf4 Nd5 19.Bd2 Qa6 20.Re1 Rxe1+ 21.
Bxe1 c5 22.Ne5 Nxe5 23.dxe5 Nf4 24.Qd2 Nd3 25.f4 Bc4 26.Ne4 Qxa2 27.Qxa2 
Bxa2 28.Bd2 a5 29.Nf2 Nxf2 30.Kxf2 a4 31.Bc1 Kf7 32.Ke3 Bc4 33.f5 h6 34.g4
Bf1 35.h4 Bh3 36.Kf4 Bf1 37.g5 hxg5+ 38.hxg5 Bc4 39.g6+ Ke7 40.Kg5 Bd5 41.
f6+ gxf6+ 42.exf6+ Ke6 43.Ba3 Bc4 44.f7 Ke7 45.Kh6 Bxf7 46.gxf7 Kxf7 47.
Kg5 Ke6 48.Kf4 Kd5 49.Ke3 Kc4 50.Kd2 Kb3 51.Bc1 a3 52.Bxa3 Kxa3 53.Kc2 c4 
0-1

[Event "V Memorial Corrado Bitti A"]
[Site "Laconi ITA"]
[Date "2005.08.09"]
[Round "5"]
[White "Figus, Maurizio"]
[Black "Fenu, Salvatore"]
[Result "1/2-1/2"]
[WhiteElo "1877"]
[BlackElo "1844"]
[PlyCount "45"]
[EventDate "2005.08.06"]

1.e4 c5 2.Nf3 Nc6 3.d4 cxd4 4.Nxd4 Nf6 5.Nc3 e5 6.Ndb5 d6 7.Bg5 a6 8.Na3 
b5 9.Bxf6 gxf6 10.Nd5 f5 11.Bd3 Be6 12.O-O Bg7 13.c3 O-O 14.Bc2 fxe4 15.
Bxe4 f5 16.Bc2 Ra7 17.f4 Kh8 18.Bb3 Ne7 19.Nc2 Bxd5 20.Bxd5 Qb6+ 21.Kh1 
Ng6 22.g3 Bh6 23.Qh5 1/2-1/2

[Event "V Memorial Corrado Bitti A"]
[Site "Laconi ITA"]
[Date "2005.08.09"]
[Round "5"]
[White "Lommers, Frank"]
[Black "Locci, Damiano"]
[Result "1-0"]
[WhiteElo "2204"]
[BlackElo "1901"]
[PlyCount "49"]
[EventDate "2005.08.06"]

1.d4 d5 2.Nf3 Nf6 3.c4 c6 4.e3 e6 5.Nbd2 Nbd7 6.b3 Be7 7.Bd3 O-O 8.Bb2 c5 
9.Ne5 dxc4 10.Ndxc4 b5 11.Nc6 Qe8 12.N4a5 a6 13.Rc1 cxd4 14.exd4 Nd5 15.
O-O Bb4 16.Nxb4 Nxb4 17.Be4 Ra7 18.Qd2 f5 19.Bf3 Nd5 20.Bxd5 exd5 21.Ba3 
Rf6 22.Rfe1 Re6 23.Rxe6 Qxe6 24.Rxc8+ Kf7 25.Nc6 1-0

[Event "V Memorial Corrado Bitti A"]
[Site "Laconi ITA"]
[Date "2005.08.09"]
[Round "5"]
[White "Maldarelli, Lorenzo"]
[Black "Deruda, Leonardo"]
[Result "1-0"]
[WhiteElo "1837"]
[BlackElo "1820"]
[PlyCount "79"]
[EventDate "2005.08.06"]

1.d4 Nf6 2.c4 Nc6 3.d5 Ne5 4.e3 e6 5.f4 Ng6 6.Nc3 a6 7.a4 Bc5 8.Bd3 exd5 
9.Nxd5 O-O 10.b4 Ba7 11.Nf3 Nxd5 12.cxd5 Re8 13.e4 Qf6 14.e5 Qb6 15.Qc2 
Qxb4+ 16.Bd2 Qe7 17.Kd1 d6 18.Re1 Bg4 19.e6 fxe6 20.Bxg6 hxg6 21.Qxg6 Bf5 
22.Qh5 Qf6 23.Ra2 Bg6 24.Qh4 Qf5 25.Rb2 exd5 26.g4 Rxe1+ 27.Nxe1 Qe4 28.
Rb4 d4 29.Qg3 c5 30.Rb3 c4 31.f5 d3 32.fxg6 Re8 33.Qf3 Qe5 34.Qd5+ Qe6 35.
Qxe6+ Rxe6 36.Rxb7 Bd4 37.Rc7 d5 38.Nf3 Ba1 39.Ng5 Rb6 40.Rc8# 1-0

[Event "V Memorial Corrado Bitti A"]
[Site "Laconi ITA"]
[Date "2005.08.09"]
[Round "5"]
[White "Mannu, Michele"]
[Black "Casti, Alessio"]
[Result "0-1"]
[WhiteElo "1933"]
[BlackElo "2108"]
[PlyCount "160"]
[EventDate "2005.08.06"]

1.Nf3 d5 2.g3 Bg4 3.Bg2 Nd7 4.d3 c6 5.Nbd2 Ngf6 6.c3 e5 7.Qc2 Bd6 8.b4 O-O
9.h3 Bh5 10.g4 Bg6 11.Nh4 d4 12.Nxg6 hxg6 13.Nc4 Bc7 14.Bg5 Qe7 15.O-O Qe6
16.Na5 Rab8 17.c4 Qd6 18.c5 Qe6 19.e4 dxe3 20.Bxe3 Nd5 21.Bxd5 Qxd5 22.Qc4
Qf3 23.Qe4 Qxh3 24.Qg2 Qh4 25.Nc4 f5 26.f3 Nf6 27.Bf2 Qg5 28.Be3 f4 29.Bd2
Rbd8 30.Qe2 Nh5 31.Be1 Ng3 32.Bxg3 fxg3 33.Kg2 Rd4 34.a3 Qh6 35.Rh1 Qf4 
36.Rhf1 Kf7 37.Rae1 Rh8 38.Rh1 Rdd8 39.Nxe5+ Bxe5 40.Qxe5 Qxe5 41.Rxe5 
Rxh1 42.Kxh1 Rxd3 43.Kg2 Rxa3 44.Kxg3 Kf6 45.Re8 Ra4 46.Rf8+ Ke6 47.Re8+ 
Kf7 48.Re4 a5 49.bxa5 Rxa5 50.Rd4 Ke7 51.Rc4 g5 52.f4 gxf4+ 53.Kxf4 Rb5 
54.Ke4 Ke6 55.Kd4 Rb1 56.Ke4 g5 57.Rd4 Re1+ 58.Kf3 Re5 59.Rb4 Kd5 60.Rxb7 
Kxc5 61.Rb8 Kc4 62.Rf8 c5 63.Rf5 Kd4 64.Rf8 c4 65.Rd8+ Kc3 66.Rf8 Kd3 67.
Rd8+ Kc2 68.Rf8 c3 69.Rc8 Kd2 70.Rd8+ Kc1 71.Rf8 c2 72.Rd8 Kb2 73.Rb8+ Kc3
74.Rc8+ Kd3 75.Kf2 Re2+ 76.Kf1 Re4 77.Rd8+ Ke3 78.Rc8 Kd3 79.Rd8+ Rd4 80.
Rc8 Rc4 0-1

[Event "V Memorial Corrado Bitti A"]
[Site "Laconi ITA"]
[Date "2005.08.09"]
[Round "5"]
[White "Piga, Antonello"]
[Black "Lai, Silvia"]
[Result "1-0"]
[WhiteElo "1688"]
[BlackElo "1748"]
[PlyCount "73"]
[EventDate "2005.08.06"]

1.e4 d5 2.exd5 Qxd5 3.Nc3 Qd6 4.Nf3 Nf6 5.d3 Bg4 6.Be2 c6 7.Bg5 Nd5 8.Qd2 
Nd7 9.Nxd5 Qxd5 10.O-O h6 11.Bh4 g5 12.Bg3 Bg7 13.d4 Bxf3 14.Bxf3 Qxd4 15.
Qe2 Nb6 16.Rfe1 e6 17.c3 Qc4 18.Qc2 O-O 19.Re4 Qc5 20.h4 f5 21.Rxe6 g4 22.
Bd6 Qc4 23.Bxf8 Qxe6 24.Bxg7 gxf3 25.Bd4 Qg6 26.g3 Qg4 27.Kh2 Re8 28.Bxb6 
axb6 29.Qb3+ Kh8 30.Qxb6 Re2 31.Rd1 f4 32.Rd8+ Kg7 33.Qd4+ Kf7 34.Rd7+ Ke6
35.Qd6+ Kf5 36.Rf7+ Ke4 37.Qd4# 1-0

[Event "V Memorial Corrado Bitti A"]
[Site "Laconi ITA"]
[Date "2005.08.09"]
[Round "5"]
[White "Setzu, Francesco"]
[Black "Secci, Gabriele"]
[Result "1/2-1/2"]
[WhiteElo "1631"]
[BlackElo "1721"]
[PlyCount "72"]
[EventDate "2005.08.06"]

1.Nf3 e6 2.d4 d5 3.g3 Nf6 4.Bg2 Bd6 5.Bg5 Nbd7 6.O-O h6 7.Bxf6 Nxf6 8.Ne5 
O-O 9.Nd2 c6 10.c3 Qc7 11.f4 Nd7 12.e4 Nxe5 13.fxe5 Be7 14.exd5 exd5 15.
Rf2 f6 16.exf6 Bxf6 17.Qf1 Bd7 18.Re1 Rf7 19.Nf3 Raf8 20.Ree2 Bg4 21.Qe1 
g5 22.Re8 Bxf3 23.Rxf8+ Kxf8 24.Rxf3 Qa5 25.Qe6 Qd8 26.Re3 Qd7 27.Qxd7 
Rxd7 28.Bh3 Re7 29.Kf2 Rxe3 30.Kxe3 Ke7 31.b3 Kd6 32.Kd3 b6 33.Bg2 c5 34.
dxc5+ Kxc5 35.a4 a5 36.Bf3 Kd6 1/2-1/2